Statistics for FIFA 14 Serie A Team of the Season

Click here to take the quiz!

General Stats

  • This quiz has been taken 217 times
  • The average score is 9 of 15

Answer Stats

Hint Answer % Correct
CB- Juventus (91)Giorgio Chiellini
85%
ST- Juventus (92)Carlos Tevez
84%
CM- Juventus (87)Paul Pogba
81%
CM- Juventus (91)Arturo Vidal
72%
ST- Torino (82)Ciro Immobile
64%
RB- Roma (85)Maicon
62%
RW- Lazio (87)Antonio Candreva
59%
GK- Roma (86)Morgan De Sanctis
57%
RM- Fiorentina (87)Juan Cuadrado
57%
ST- Hellas Verona (80)Luca Toni
57%
CB- Roma (90)Medhi Benatia
53%
RM- Napoli (84)Jose Callejon
53%
LW- Roma (85)Gervinho
47%
CB- Parma (84)Gabriel Paletta
33%
GK- Atalanta (85)Andrea Consigli
31%

Score Distribution

Percentile by Number Answered

Percent of People with Each Score

Your Score History

You have not taken this quiz